Normal view
MARC view
- COMPUTER BASED NUMERICAL METHODS.NUMERICAL METHODS AND STATISTICAL TECHNIQUES.MATLAB
Entry Topical Term
001 - CONTROL NUMBER
- control field: 62135
003 - CONTROL NUMBER IDENTIFIER
- control field: NUST
005 - DATE AND TIME OF LATEST TRANSACTION
- control field: 20210628202900.0
008 - FIXED-LENGTH DATA ELEMENTS
- fixed length control field: 210628|| aca||aabn | a|a d
040 ## - CATALOGING SOURCE
- Original cataloging agency: NUST
- Transcribing agency: NUST
150 ## - HEADING--TOPICAL TERM
- Topical term or geographic name entry element: COMPUTER BASED NUMERICAL METHODS.NUMERICAL METHODS AND STATISTICAL TECHNIQUES.MATLAB
670 ## - SOURCE DATA FOUND
- Source citation: Work cat.: (NUST): De, P.K 62134, Computer based numerical methods and statistical techniques, with introduction to matlab, 2006
